|
|
|
|
| LEADER |
00000nam a2200000Ii 4500 |
| 001 |
DIGLIDFRO0031 |
| 003 |
NyNyDIG |
| 006 |
m o d |
| 007 |
cr ||||||||||| |
| 008 |
130401s2005 sp o 000 p spa d |
| 020 |
|
|
|z 9788482550688
|
| 020 |
|
|
|z 8482550683
|
| 035 |
|
|
|a (OCoLC)888267959
|
| 040 |
|
|
|a DGITA
|b eng
|e pn
|c DGITA
|
| 050 |
1 |
4 |
|a PQ6668.O393 eBook
|
| 100 |
1 |
|
|a Rodríguez Pacheco, Pedro.
|
| 245 |
1 |
0 |
|a A solas con la edad /
|c Pedro Rodríguez Pacheco.
|
| 246 |
0 |
|
|i Subtitle from added t.p.:
|a Inventario y leyenda de El guerrero del antifaz
|
| 264 |
|
1 |
|a Sant Cugat del Vallès, Barcelona :
|b Amelia Romero, editora :
|b Los Libros de la Frontera,
|c 2005.
|
| 300 |
|
|
|a 1 online resource (293 pages)
|
| 336 |
|
|
|a text
|b txt
|2 rdacontent
|
| 337 |
|
|
|a computer
|b c
|2 rdamedia
|
| 338 |
|
|
|a online resource
|b cr
|2 rdacarrier
|
| 490 |
1 |
|
|a Bardo. Cuarta etapa. Colección de poesía ;
|v 19.
|
| 655 |
|
0 |
|a Electronic books.
|
| 791 |
2 |
|
|a Digitalia (Firm),
|e distributor.
|
| 830 |
|
0 |
|a Bardo (Romero, Amelia) ;
|v 19.
|
| 793 |
0 |
|
|g Digitalia eBook Collection:
|a Libros de la Frontera.
|
| 856 |
4 |
0 |
|3 Digitalia Hispánica
|u https://www.digitaliapublishing.com/a/10186/
|
| 910 |
|
|
|a Premium Collection: 2007-2012
|